Dan Healey Homosexual Desire in Revolutionary Russia The Regulation of Sexual and Gender Dissent Chicago, Londres : The University of Chicago Press, 2001, 392 p. (notice n° 1604353)
[ vue normale ]
| 000 -LEADER | |
|---|---|
| fixed length control field | 00603cam a2200145 4500500 |
| 005 - DATE AND TIME OF LATEST TRANSACTION | |
| control field | 20251228093425.0 |
| 041 ## - LANGUAGE CODE | |
| Language code of text/sound track or separate title | fre |
| 042 ## - AUTHENTICATION CODE | |
| Authentication code | dc |
| 100 10 - MAIN ENTRY--PERSONAL NAME | |
| Personal name | Fassin, Éric |
| Relator term | author |
| 245 00 - TITLE STATEMENT | |
| Title | Dan Healey Homosexual Desire in Revolutionary Russia The Regulation of Sexual and Gender Dissent Chicago, Londres : The University of Chicago Press, 2001, 392 p. |
| 260 ## - PUBLICATION, DISTRIBUTION, ETC. | |
| Date of publication, distribution, etc. | 2005.<br/> |
| 500 ## - GENERAL NOTE | |
| General note | 38 |
| 786 0# - DATA SOURCE ENTRY | |
| Note | Cahiers du monde russe | Vol 46 | 4 | 2005-11-01 | p. 859za-990za | 1252-6576 |
| 856 41 - ELECTRONIC LOCATION AND ACCESS | |
| Uniform Resource Identifier | <a href="https://shs.cairn.info/revue-cahiers-du-monde-russe-2005-4-page-859za?lang=fr&redirect-ssocas=7080">https://shs.cairn.info/revue-cahiers-du-monde-russe-2005-4-page-859za?lang=fr&redirect-ssocas=7080</a> |
Pas d'exemplaire disponible.




Réseaux sociaux